000 00618nam a22001937a 4500
003 OSt
005 20251009032907.0
008 251009b |||||||| |||| 00| 0 eng d
020 _a 9786218179882
040 _aDWCL-Main lib
_cOC
082 _aFil. 647.940 P221f 2022
100 _aParaiso, Mark Angelo Q.
245 _a Front Desk Operation/
_cMark Angelo Q. Paraiso
260 _aManila, Philippines :
_b EDRIC Publishing House,
_cc2022.
300 _a91 pages :
_b Illustration ;
_c 26cm.
504 _aIncludes Bibliographical References.
650 _a1. Hotel Management
942 _2ddc
_cBK - FIL
_kFil.
_n0
999 _c4771
_d4771